000 00496nam a2200181 i 4500
001 31338
003 ES-MaACL
005 20251015063047.0
007 t|
008 030129s1929 fr ||||1| fre d
100 1 _aBenda, Julien,
_d1867-1956
_927470
245 1 3 _aLa fin de l'eternel /
_cJulien Benda.
250 _a5ยช ed.
260 _aParis :
_b[s.n.,
_c1929] (
_eAbbeville :
_fF. Paillart)
300 _a260 p. ;
_c19 cm.
852 _aES-MaACL
_jB-5881
999 _c31338
_d31338